পুষ্টি নামা / (Record no. 12119)
[ view plain ]
| 000 -LEADER | |
|---|---|
| fixed length control field | 00857nam a2200241 a 4500 |
| 001 - CONTROL NUMBER | |
| JCCL Control Number | 12119 |
| 003 - CONTROL NUMBER IDENTIFIER | |
| JCCL marc code | BD-JhCC |
| 005 - DATE AND TIME OF LATEST TRANSACTION | |
| control field | 20210316084031.0 |
| 008 - FIXED-LENGTH DATA ELEMENTS--GENERAL INFORMATION | |
| fixed length control field | 210316s2013 bg a|||| |||| 000 0 ben d |
| 020 ## - INTERNATIONAL STANDARD BOOK NUMBER | |
| International Standard Book Number | 9789845021395 |
| 035 ## - SYSTEM CONTROL NUMBER | |
| system control number | (BD-JhCC)12119 |
| 040 ## - CATALOGING SOURCE | |
| Original cataloging agency | BD-JhCC |
| Modifying agency | BD-JhCC |
| 041 ## - LANGUAGE CODE | |
| Language code of Book | ben |
| 082 ## - DEWEY DECIMAL CLASSIFICATION NUMBER | |
| Classification number | 641.56314 |
| Author mark and Year | AKT 2013 |
| 100 ## - MAIN ENTRY--PERSONAL NAME | |
| Personal name | আক্তার, সৈয়দ শারমিন |
| 245 ## - TITLE STATEMENT | |
| Title | পুষ্টি নামা / |
| Statement of responsibility, etc | সৈয়দ শারমিন আক্তার |
| 260 ## - PUBLICATION, DISTRIBUTION, ETC. (IMPRINT) | |
| Place of publication, distribution, etc | ঢাকা : |
| Name of publisher, distributor, etc | অন্যপ্রকাশ, |
| Date of publication, distribution, etc | ২০১৩ |
| 300 ## - PHYSICAL DESCRIPTION | |
| Pagination | ১১৩ পৃ. : |
| Other physical details | সকল কালার পৃষ্ঠা ; |
| Dimensions | ২০ সেমি. |
| 504 ## - BIBLIOGRAPHY, ETC. NOTE | |
| Bibliography, etc | গ্রন্থপঞ্জি অর্ন্তভূক্ত। |
| 650 ## - SUBJECT ADDED ENTRY--TOPICAL TERM | |
| Topical term or geographic name as entry element | Nutrition |
| 650 ## - SUBJECT ADDED ENTRY--TOPICAL TERM | |
| Topical term or geographic name as entry element | Self-care, Health |
| 942 ## - ADDED ENTRY ELEMENTS (KOHA) | |
| Source of classification or shelving scheme | Dewey Decimal Classification |
| Koha item type | Books |
| Source of classification or shelving scheme | Damaged status | Not for loan | Home library | Current library | Shelving location | Date of accession | Cost, normal purchase price | Total Checkouts | Full call number | Barcode | Date last seen | Copy number | Koha item type |
|---|---|---|---|---|---|---|---|---|---|---|---|---|---|
| Dewey Decimal Classification | JCC Rouf Library | JCC Rouf Library | General Stacks | 03/16/2021 | 300.00 | 641.56314 AKT 2013 | 16179 | 03/16/2021 | C-1 | Books |